| 000 | 00804cam a2200253 4500 | ||
|---|---|---|---|
| 001 | J105943 | ||
| 008 | 000000n1995 000 0 eng u | ||
| 035 | _a(Sirsi) u105943 | ||
| 041 | _aENG | ||
| 050 | _a624.15 | ||
| 110 |
_aLoss Prevention Council _91863 |
||
| 245 | _aSubsidence and domestic housing survey : analysis of results. | ||
| 260 |
_aLoss Prevention Council _c1995 |
||
| 300 | _a24p. ; 30cm. | ||
| 350 | _a15.00 | ||
| 490 |
_aLPR _v4 |
||
| 520 | _aContains the analysis of 1137 subsidence claims in respect of domestic premises. | ||
| 650 | _aSUBSIDENCE | ||
| 650 | _aDOMESTIC PROPERTY | ||
| 650 | _aCRACKING | ||
| 650 | _aBUILT ENVIRONMENT-BUILDING ELEMENTS-COMPLETE BUILDING ELEMENTS-FOUNDATIONS | ||
| 690 | _aBUILDING AND CONSTRUCTION-DEFECTS AND FAILURES | ||
| 942 | _n0 | ||
| 999 |
_c100507 _d100507 |
||